000 01201nam a22002897a 4500
005 20121112114056.0
008 101019t xxu||||| |||| 00| 0 hin d
010 _aHIN-97953
020 _c550.00
_a9788179754689
035 _aHN-70299
037 _bDBAD / PUB
040 _aDPL
_bHN
082 _a954.082
100 _923632
_aबिपन चंद्र
245 _aआधुनिक भारत में विचारधारा और राजनीति /
_cबिपन चंद्र
260 _aनई दिल्ली
_bअनामिका पब्लिशर्स
_c2011
270 _bनई दिल्ली
_a4697/3, 21ए ,अंसारी रोड़ दरियागंज
_e110002
_k23281655, 23270239
_manamikapublishersyahoo.co.in
300 1 _a292पृ.
_c21सेमी (सजिल्द)
650 _9657
650 _9698
700 _948760
700 _953579
710 _934811
710 _935049
942 _2ddc
_cHN
_mबिपन
_h954.082
999 _c72661
_d72661